| 000 | 02691cam a2200541Ia 4500 | ||
|---|---|---|---|
| 001 | 9412368 | ||
| 003 | OSt | ||
| 005 | 20211111104742.0 | ||
| 006 | m o d | ||
| 007 | cr |n||||||||| | ||
| 008 | 100409s2010 enka fobm 001 0 eng d | ||
| 016 | 7 |
_a015530357 _2Uk |
|
| 020 | _a9781849191470 | ||
| 024 | 8 | _a9786613286550 | |
| 035 | _a(OCoLC)ocn759386435 | ||
| 035 |
_a(OCoLC)759386435 _z(OCoLC)781716573 |
||
| 035 | _a(NNC)9412368 | ||
| 037 |
_bKnovel Corporation _a4399 _nhttp://www.knovel.com |
||
| 038 | _akhadija | ||
| 040 |
_aAZU _beng _cAZU _dUKMGB _dE7B _dOCLCQ _dN$T _dVRC _dKNOVL _dHNK _dVLB _dZCU _dDEBSZ _dBUF _dCUS _dOCLCQ _dYDXCP _dKNOVL _dOCLCF _dCOO |
||
| 050 | 4 |
_aTL221.15 _b.M55 2010eb |
|
| 072 | 7 |
_aTRA _x001010 _2bisacsh |
|
| 082 | 0 | 4 |
_a629.2293 _222 _bMIL |
| 100 | 1 |
_aMiller, John M., _d1949- _983866 |
|
| 245 | 1 | 0 |
_aPropulsion systems for hybrid vehicles / _cJohn M. Miller. |
| 250 | _a2nd ed. | ||
| 260 |
_aStevenage : _bInstitution of Engineering and Technology, _c2010. |
||
| 300 |
_a1 online resource (xiv, 593 p.) : _bill. |
||
| 490 | 1 |
_aIET renewable energy series ; _v7 |
|
| 500 | _aPrevious ed.: 2004. | ||
| 504 | _aIncludes bibliographical references and index. | ||
| 505 | 0 | _aHybrid vehicles -- Hybrid architectures -- Hybrid power plant specifications -- Sizing the drive system -- Electric drive system technologies -- Power electronics for ac drives -- Drive system control -- Drive system efficiency -- Hybrid vehicle characterisation -- Energy storage technologies -- Hybrid vehicle test and validation. | |
| 520 | _aThe following topics are dealt with: hybrid vehicles; hybrid power plant specifications; electric drive system; power electronics; AC drives; drive system control; hybrid vehicle characterization; energy storage technologies; and automated electrified transportation. | ||
| 563 | _aPB | ||
| 650 | 0 |
_aHybrid electric vehicles. _955671 |
|
| 650 | 0 |
_aPropulsion systems. _983867 |
|
| 650 | 7 |
_aTRANSPORTATION _xAutomotive _xAntique & Classic. _2bisacsh _983868 |
|
| 650 | 7 |
_aHybrid electric vehicles. _2fast _955671 |
|
| 650 | 7 |
_aPropulsion systems. _2fast _983867 |
|
| 655 | 4 |
_aElectronic books. _9621 |
|
| 655 | 7 |
_aElectronic books. _2local _9621 |
|
| 710 | 2 |
_aInstitution of Engineering and Technology. _983202 |
|
| 776 | 0 | 8 |
_iPrint version: _aMiller, John M., 1949- _tPropulsion systems for hybrid vehicles. _b2nd ed. _dStevenage : Institution of Engineering and Technology, 2010 _z9781849191470 _w(OCoLC)619653861 |
| 830 | 0 |
_aIET renewable energy series ; _v7. _983203 |
|
| 856 | 4 | 0 |
_uhttp://www.columbia.edu/cgi-bin/cul/resolve?clio9412368 _zACADEMIC - Mechanics & Mechanical Engineering |
| 942 |
_2ddc _cBK |
||
| 999 |
_c32913 _d32913 |
||